Astronomical optics

The book provides a unified treatment of the characteristics of telescopes of all types, including telescopes whose performance is set by geometrical aberrations and the effect of the atmosphere, and those diffraction-limited telescopes designed for observations from above the atmosphere. It also co...

全面介紹

Đã lưu trong:
書目詳細資料
主要作者: Schroeder, Daniel J.
格式: 圖書
語言:Undetermined
出版: San Diego, California Academic Press 2000
主題:
標簽: 添加標簽
沒有標簽, 成為第一個標記此記錄!
Thư viện lưu trữ: Trung tâm Học liệu Trường Đại học Cần Thơ
LEADER 01016nam a2200205Ia 4500
001 CTU_42262
008 210402s9999 xx 000 0 und d
020 |c 1349000 
082 |a 621.36 
082 |b S381 
100 |a Schroeder, Daniel J. 
245 0 |a Astronomical optics 
245 0 |c Daniel J Schroeder 
260 |a San Diego, California 
260 |b Academic Press 
260 |c 2000 
520 |a The book provides a unified treatment of the characteristics of telescopes of all types, including telescopes whose performance is set by geometrical aberrations and the effect of the atmosphere, and those diffraction-limited telescopes designed for observations from above the atmosphere. It also contains thorough discussions of the principles underlying all spectroscopic instrumentation, giving special emphasis to grating instruments used with telescopes. 
650 |a Astronomical instruments,Optical instruments 
904 |i Minh, Hải 
980 |a Trung tâm Học liệu Trường Đại học Cần Thơ